Reservation Policy: Issues And Implementation : (Record no. 612724)

MARC details
000 -LEADER
fixed length control field 00528nam a2200193 a 4500
008 - FIXED-LENGTH DATA ELEMENTS--GENERAL INFORMATION
fixed length control field 260216s2008##################000#0#eng##
020 ## - INTERNATIONAL STANDARD BOOK NUMBER
ISBN 9788183761574
082 04 - DEWEY DECIMAL CLASSIFICATION NUMBER
Classification number 320.01
Item number AMB
100 1# - MAIN ENTRY--AUTHOR NAME
Personal name Ambedkar, Sole Nagendra,
245 10 - TITLE STATEMENT
Title Reservation Policy: Issues And Implementation :
260 ## - PUBLICATION, DISTRIBUTION, ETC. (IMPRINT)
Year of publication 2008.
300 ## - PHYSICAL DESCRIPTION
Number of Pages 199 pages
650 #0 - SUBJECT ADDED ENTRY--TOPICAL TERM
Topical Term People with social disabilities.
942 ## - ADDED ENTRY ELEMENTS (KOHA)
Koha item type English Books
Holdings
Withdrawn status Lost status Damaged status Not for loan Home library Current library Shelving location Date acquired Full call number Accession Number Price effective from Koha item type
        Anna Centenary Library Anna Centenary Library 3RD FLOOR, B WING 16.02.2026 320.01 AMB 394277 16.02.2026 English Books

Find us on the map